The results of applied correctional gymnastic by Scolars in the age between 8 an 16 with initial form of scoliosis

Bibliographic Details
Main Authors: Chernogorova, S. (Author), Georgiev, G. (Author), Georgiev, S. (Author)
Format: Article
Language:Slovak
English
Subjects:

MARC

LEADER 00000nab a2200000 a 4500
001 vtls000068047
003 SK-MaSNL
005 20260304050712.0
008 250422c1980 xo 0 slo
015 |a SNBRB19rr/mm-uuuuu 
035 |a CL0078147 
035 |a urn:nbn:sk:snk-ab7f5s 
035 |a (urnnbn)urn:nbn:sk:snk:ar-005cz6 
035 |a (uuid)d0ab037d-5563-495f-98c4-8cc36466b193 
040 |a SNKBUCL  |b slo  |c SNKBUCL  |e AACR2 
041 0 |a eng 
044 |a xo  |c SK 
080 |a 616.7  |2 1981 
080 |a 617.3  |2 1981 
080 |a 615.8  |2 1981 
100 1 |a Chernogorova, S.  |4 aut  |9 1332076 
245 1 4 |a The results of applied correctional gymnastic by Scolars in the age between 8 an 16 with initial form of scoliosis  |c S. Chernogorova, G. Georgiev ; S. Georgiev 
650 0 7 |a skolióza  |2 snkbucl  |9 18388 
655 7 |a články z novín a časopisov  |2 snkbucl  |9 267496 
700 1 |a Georgiev, G.  |4 aut  |9 813951 
700 1 |a Georgiev, S.  |4 aut  |9 1332077 
773 0 |t Rehabilitácia  |g Roč. 13, č. supl. 20 (1980), s. 92-93 
850 |a Slovenská národná knižnica 
852 |a Slovenská národná knižnica 
954 |a odborná, vedecká literatúra cudzojazyčná (svetová)  |2 lita 
958 |a article7 
958 |a OND 
958 |a RK 
958 |a MI 
958 |a EUIPO 
992 |a RBX 
999 |c 2699752  |d 2701682